000 00469nam a2200181Ia 4500
008 151018s9999 xx 000 0 und d
082 _bRBASDV39472
_a823
100 _aSwami Chidrupanand
245 _aChinmaya Vidyalaye
250 _b1
260 _bCentral chinmaya Mission Trust
_c1987
300 _a72
600 _aSwami Chidrupanand
630 _aChinmaya Vidyalaye
700 _aSwami Chidrupanand
730 _aChinmaya Vidyalaye
942 _cBOOK
999 _c1038760
_d1038757